RICS residential lettings survey Great Britain (Record no. 104597)
[ view plain ]
| 000 -LEADER | |
|---|---|
| fixed length control field | 01284cam a2200217 4500 |
| 001 - CONTROL NUMBER | |
| control field | L130892 |
| 008 - FIXED-LENGTH DATA ELEMENTS--GENERAL INFORMATION | |
| fixed length control field | 050603n2005 000 0 eng u |
| 035 ## - SYSTEM CONTROL NUMBER | |
| System control number | (Sirsi) u130892 |
| 041 0# - LANGUAGE CODE | |
| Language code of text/sound track or separate title | eng |
| 050 04 - LIBRARY OF CONGRESS CALL NUMBER | |
| Classification number | 346.4104342 |
| -- | 18 |
| 110 2# - MAIN ENTRY--CORPORATE NAME | |
| Corporate name or jurisdiction name as entry element | Royal Institution of Chartered Surveyors |
| Subordinate unit | Public Affairs |
| 9 (RLIN) | 4679 |
| 245 ## - TITLE STATEMENT | |
| Title | RICS residential lettings survey Great Britain |
| Remainder of title | July 2005 |
| 260 ## - PUBLICATION, DISTRIBUTION, ETC. | |
| Place of publication, distribution, etc. | London |
| Name of publisher, distributor, etc. | RICS |
| Date of publication, distribution, etc. | 2005 |
| 490 ## - SERIES STATEMENT | |
| Series statement | RICS Residential Lettings Survey Great Britain |
| Volume/sequential designation | July 2005 |
| 520 ## - SUMMARY, ETC. | |
| Summary, etc. | Records that residential rents increased at their fastest pace in four years in the three months to July 2005. Tenant demand continues to rise and levels of new available rented property have risen as more buy-to-let investors enter the market and existing landlords decide not sell when tenantcy agreements expire. This has meant that surveyors' expectations for rent rises have decreased everywhere except London and southwest England. |
| 590 ## - LOCAL NOTE (RLIN) | |
| Local note | IKA130905 |
| 650 24 - SUBJECT ADDED ENTRY--TOPICAL TERM | |
| Topical term or geographic name entry element | RICS RESIDENTIAL LETTINGS SURVEY GREAT BRITAIN |
| 690 ## - LOCAL SUBJECT ADDED ENTRY--TOPICAL TERM (OCLC, RLIN) | |
| Topical term or geographic name as entry element | PROPERTY-RESIDENTIAL PROPERTY-RESIDENTIAL PROPERTY TENURE-LEASEHOLD RESIDENTIAL PROPERTY |
| 856 40 - ELECTRONIC LOCATION AND ACCESS | |
| Uniform Resource Identifier | <a href="https://www.rics.org/Global/Downloads/ResidentialLettingsSurvey200507.pdf">https://www.rics.org/Global/Downloads/ResidentialLettingsSurvey200507.pdf</a> |
| Public note | View the report free of charge at www.rics.org... |
| 942 ## - ADDED ENTRY ELEMENTS (KOHA) | |
| Suppress in OPAC | 0 |
| Withdrawn status | Lost status | Source of classification or shelving scheme | Damaged status | Not for loan | Home library | Current library | Shelving location | Date acquired | Total Checkouts | Full call number | Barcode | Date last seen | Copy number | Price effective from | Koha item type |
|---|---|---|---|---|---|---|---|---|---|---|---|---|---|---|---|
| Dewey Decimal Classification | Virtual | Virtual | Online | 13/09/2005 | ONLINE PUBLICATION | 130892-2001 | 06/08/2019 | 1 | 06/08/2019 | Book |